| 000 | 00399nam a2200133Ia 4500 | ||
|---|---|---|---|
| 008 | 211109s9999||||xx |||||||||||||| ||und|| | ||
| 082 |
_a823 _bPRI-D |
||
| 100 | _aPrice, Martin | ||
| 245 | 0 | _aDickens:A Collection of Critical Essays | |
| 260 |
_bPrentice -Hall Inc. _aNew Delhi _c1969 |
||
| 630 | _xGeneral Stack | ||
| 650 |
_aEnglish Literature _vEnglish Fiction _xEnglish NovelEnglish |
||
| 942 | _cBOOK | ||
| 999 |
_c94016 _d94016 |
||